On This Day: May 9th II Quiz Stats

 Plays Quiz Updated May 9, 2018

Score 0/7 Timer 03:00
0 Plays Today
Question Answer Wrong Answers
This country stages its biggest military parade ever in Red Square to commemorate the 70th anniversary of Victory Day.
2015
Russia
94.3%
United States
0.9%
France
1.7%
United Kingdom
1.5%
The film ‘Vertigo’, considered one of the defining works of this filmmaker’s career, premieres in San Francisco.
1958
Alfred Hitchcock
91.7%
Stanley Kubrick
2.9%
Francis Ford Coppola
1.9%
Martin Scorsese
2%
This American abolitionist, who led a raid on the federal armory at Harpers Ferry in an effort to start a liberation movement among slaves, is born.
1800
John Brown
71.6%
Stephen A. Douglas
16.5%
William Lloyd Garrison
7.3%
Charles Sumner
4.4%
Admiral Richard E. Byrd and Floyd Bennett claim to have flown over the ______, becoming national heroes in America (though some doubt has since been cast on this claim).
1926
North Pole
52.9%
South Pole
27.7%
Grand Canyon
12.5%
Himalayas
6.1%
King Victor Emmanuel III of ______ abdicates and is succeeded by Umberto II.
1946
Italy
49%
Spain
30.5%
Denmark
9.2%
Belgium
10.1%
This President declares that armed resistance has ‘virtually’ ended, effectively proclaiming an end to the American Civil War.
1865
Andrew Johnson
31.6%
Abraham Lincoln
57.9%
James Buchanan
1.5%
Ulysses S. Grant
8.8%
The Japan Anniversary Association officially declare May 9th as ‘Goku Day’, based on this popular manga and anime series.
2015
Dragon Ball
29.9%
Yu-Gi-Oh!
19.1%
Pokémon
42.5%
Sailor Moon
6.5%

You're not logged in!

Compare scores with friends on all Sporcle quizzes.
OR
Log In

Sporcle TV

Today on Sporcle TV


Watch our educational content, quiz creation guides, and fun videos on Sporcle TV.

Show Comments

Extras

Top Quizzes Today


Score Distribution

Your Account Isn't Verified!

In order to create a playlist on Sporcle, you need to verify the email address you used during registration. Go to your Sporcle Settings to finish the process.

Report this User

Report this user for behavior that violates our Community Guidelines.

Details: